• 首页
  • 本馆介绍
  • 公告通知
  • 最新文献
  • 馆藏检索
  • 电子资源
  • 读者导购
  • 参考咨询
  • 我的图书馆
  • 登录
  • 详细信息显示
  • 放入我的书架
  • 预约/预借图书
  • 作者相关作品
  • 分类相关作品
  • 丛书相关作品
  • 出版社相关作品

书目信息

  • 表格格式
  • 工作单格式
  • 卡片格式
题名:
中国近代对外关系史资料选辑
    
 
作者: ;复旦大学历史系中国近代史教研组 编
分册: 下卷第一册  
出版信息: 上海   上海人民出版社  1977
页数: 523页
开本: 20cm
丛书名:
单 册:
中图分类: K254.3
科图分类:
主题词: 中国--历史--1840~1949
电子资源:
ISBN:
000 00801nam0 2200217 450
001 0655760210
005 20060813173948.01
010    @dCNY0.88
091    @a11171.237
100    @a20060117d1977 km y0chiy0120 ea
101 0  @achi
102    @aCN@b310000
200 1  @a中国近代对外关系史资料选辑@Azhong guo jin dai dui wai guan xi shi zi liao xuan ji@e1840-1949@h下卷第一册@f复旦大学历史系中国近代史教研组编@Ffu dan da xue li shi xi zhong guo jin dai shi jiao yan zu bian
210    @a上海@c上海人民出版社@d1977
215 1  @a523页@d20cm
517 1  @a1840-1949
606 0  @a中国@x历史@z1840~1949
690    @aK254.3@v4
711  0 @a复旦大学历史系中国近代史教研组@Afu dan da xue li shi xi zhong guo jin dai shi jiao yan zu@4编
801  0 @aCN@bPFT@c20060813
905    @a10447@dK254.3@e33:2(1)
    
    中国近代对外关系史资料选辑:1840-1949.下卷第一册/复旦大学历史系中国近代史教研组编.-上海:上海人民出版社,1977
    523页;20cm
    
    
    ISBN :CNY0.88
    
●
相关链接 在E读中查询图书 在五车中查询图书 在当当中查询图书 在豆瓣中查询图书


正题名:中国近代对外关系史资料选辑     索取号:K254.3/33:2(1)         预约/预借

序号 登录号 条形码 馆藏地/架位号 状态 备注
1 0001092   202265716   密集书库/ [索取号:K254.3/33:2(1)] 在馆    
2 0462214   204622140   密集书库/ [索取号:K254.3/33:2(1)] 在馆    
唐山师范学院图书馆 欢迎您!
大连网信软件有限公司© 版权所有